Ohio State Things - Statistics

General Stats
  • This quiz has been taken 205 times
  • The average score is 5 of 22
Answer Stats
Designation Answer % Correct
State tree Ohio Buckeye
86%
State bird Cardinal
77%
State rock song Hang on Sloopy
36%
State insect Ladybug
36%
State flower Red Carnation
32%
State mammal White-tailed deer
27%
State song Beautiful Ohio
23%
State frog Bullfrog
23%
State native fruit Pawpaw
18%
State fruit Tomato
18%
State beverage Tomato Juice
18%
State motto With God All Things Are Possible
18%
State reptile Black Racer Snake
14%
State gemstone Flint
14%
State amphibian Spotted salamander
14%
State bicentennial bridge Blaine Hill Bridge
9%
State fossil Isotelus
9%
State prehistoric monument Newark Earthworks
9%
State artifact the Adena Pipe
9%
State pet the Shelter Pet
9%
State wildflower White Trillium
9%
State historical architectural structure the Barn
5%
No matching quizzes found
Score Distribution
Percent of People with Each Score
Percentile by Number Answered
Your Score History
You have not taken this quiz